000 00298nam a22001337a 4500
003 SGT
082 _a618.92
_bN16M
100 _aMARCDANTE, K.J.
245 _aNELSON ESSENTIALS OF PEDIATRICS
260 _aINDIA
_bELSEVIER PUB
_c2016
300 _a784
650 _aPEDIATRICS
942 _2ddc
_cBK
999 _c14788
_d14788